Dictionnaire de la Langue Française (Record no. 157804)

MARC details
000 -LEADER
campo de control de longitud fija 00828nam a22002055i 4500
001 - NÚMERO DE CONTROL
campo de control 157804
003 - IDENTIFICADOR DE NÚMERO DE CONTROL
campo de control ES-MaACL
005 - FECHA Y HORA DE LA ÚLTIMA TRANSACCIÓN
campo de control 20250704063120.0
008 - DATOS DE LONGITUD FIJA--INFORMACIÓN GENERAL
campo de control de longitud fija 960320s1877 fr |||| | fre d
040 ## - FUENTE DE CATALOGACIÓN
Centro catalogador/agencia de origen GA
Lengua de catalogación spa
Centro/agencia transcriptor CCPB | SIC
100 1# - ENTRADA PRINCIPAL--NOMBRE DE PERSONA
Nombre de persona Littré, Émile,
Fechas asociadas al nombre 1801-1881
9 (RLIN) 128979
245 10 - MENCIÓN DEL TÍTULO
Título Dictionnaire de la Langue Française
Resto del título : supplément... /
Mención de responsabilidad, etc. par E. Littré ce supplément est suivi dun dictionnaire étymologique de tous les mots dorigine orientale / par Marcel Devic.
260 ## - PUBLICACIÓN, DISTRIBUCIÓN, ETC.
Lugar de publicación, distribución, etc. París :
Nombre del editor, distribuidor, etc. Librairie Hachette et C_ie.,
Fecha de publicación, distribución, etc. 1877 (
Fabricante Typographie Lahure)
300 ## - DESCRIPCIÓN FÍSICA
Extensión 1 v. (pag. var.) ;
Dimensiones 33 cm.
597 ## - NOTA DE DESCRIPCIÓN FÍSICA
NOTA DE DESCRIPCIÓN FÍSICA Pag. : 4, IV, 375, VII, 84.
650 #4 - PUNTO DE ACCESO ADICIONAL DE MATERIA--TÉRMINO DE MATERIA
Término de materia o nombre geográfico como elemento de entrada Lengua francesa-
Subdivisión de forma Diccionarios.
9 (RLIN) 14205
700 1# - ENTRADA AGREGADA--NOMBRE PERSONAL
Nombre de persona Devic, Marcel.
9 (RLIN) 126783
852 ## - LOCALIZACIÓN
Ubicación ES-MaACL
Número de control de estantería B-839
Nota libre -- Enc. tela
Holdings
Estatus retirado Estado de pérdida Estado de daño No para préstamo Colección Biblioteca de origen Biblioteca actual Ubicación en estantería Fecha de adquisición Fuente de adquisición Total de préstamos Signatura topográfica completa Código de barras Visto por última vez Precio de reemplazo Tipo de ítem Koha
        Libros del s. XIX Biblioteca del Ateneo de Madrid Biblioteca del Ateneo de Madrid Sala Pardo Bazán 17/01/2008     B-839 1165144 23/02/2023 23/02/2023 Libro impreso antiguo